Suplemento al método (Record no. 132533)
[ view plain ]
| 000 -LEADER | |
|---|---|
| campo de control de longitud fija | 00493nam a2200157 4500 |
| 001 - NÚMERO DE CONTROL | |
| campo de control | 132533 |
| 003 - IDENTIFICADOR DE NÚMERO DE CONTROL | |
| campo de control | ES-MaACL |
| 005 - FECHA Y HORA DE LA ÚLTIMA TRANSACCIÓN | |
| campo de control | 20230906194208.0 |
| 007 - CAMPO FIJO DE DESCRIPCIÓN FÍSICA--INFORMACIÓN GENERAL | |
| campo de control de longitud fija | t| |
| 008 - DATOS DE LONGITUD FIJA--INFORMACIÓN GENERAL | |
| campo de control de longitud fija | 070214s1964 sp r ||||1| spa d |
| 100 1# - ENTRADA PRINCIPAL--NOMBRE DE PERSONA | |
| Nombre de persona | Román Nieto, Juan Bautista. |
| 9 (RLIN) | 99229 |
| 245 10 - MENCIÓN DEL TÍTULO | |
| Título | Suplemento al método |
| Resto del título | : dibujo geométrico industrial / |
| Mención de responsabilidad, etc. | Juan Bautista Román Nieto. |
| 260 ## - PUBLICACIÓN, DISTRIBUCIÓN, ETC. | |
| Lugar de publicación, distribución, etc. | León : |
| Nombre del editor, distribuidor, etc. | Red Comercial del Noroeste, |
| Fecha de publicación, distribución, etc. | 1964. |
| 300 ## - DESCRIPCIÓN FÍSICA | |
| Extensión | 2 v. ; |
| Dimensiones | 24 cm. |
| 852 ## - LOCALIZACIÓN | |
| Ubicación | ES-MaACL |
| Número de control de estantería | 2045-F-16-17 |
| Sublocalización o colección | R.57927 |
| Estatus retirado | Estado de pérdida | Estado de daño | No para préstamo | Colección | Biblioteca de origen | Biblioteca actual | Ubicación en estantería | Fecha de adquisición | Fuente de adquisición | Total de préstamos | Signatura topográfica completa | Código de barras | Visto por última vez | Precio de reemplazo | Tipo de ítem Koha |
|---|---|---|---|---|---|---|---|---|---|---|---|---|---|---|---|
| Colección de folletos | Biblioteca del Ateneo de Madrid | Biblioteca del Ateneo de Madrid | Depósito folletos | 17/01/2008 | 2045-F-16-17 | 1137983 | 23/02/2023 | 23/02/2023 | Folleto |
